Plus grandes villes d'Europe bordant une mer ou un océan - Statistiques

Statistiques générales
  • Ce quiz a été pris 235 fois
  • Le résultat moyen est 15 sur 20
Statistiques - réponses
Population Ville % Correct
4,790,000 Barcelone
95%
1,660,000 Marseille
95%
3,350,000 Athènes
93%
4,225,000 Naples
89%
15,800,000 Istanbul
88%
1,670,000 Copenhague
84%
2,250,000 Lisbonne
84%
1,180,000 Oslo
84%
2,200,000 Stockholm
83%
2,450,000 Amsterdam
82%
3,250,000 Rotterdam-La Haye
82%
1,290,000 Helsinki
81%
5,600,000 Saint-Pétersbourg
75%
1,370,000 Dublin
73%
975,000 Nice
73%
1,770,000 Valence
73%
1,150,000 Porto
67%
1,870,000 Liverpool
53%
1,010,000 Malaga
51%
1,100,000 Odessa
41%
Aucun quiz correspondant
Distribution des résultats
% des personnes avec chaque résultat
Percentile par nombre de réponses
Votre historique - résultats
Vous n’avez pas pris ce quiz